UBT Library

The pocket sales mentor : (Record no. 44469)

000 -LEADER
fixed length control field 00788cam a22002654a 4500
001 - CONTROL NUMBER
control field 14308087
005 - DATE AND TIME OF LATEST TRANSACTION
control field 20180308071901.0
008 - FIXED-LENGTH DATA ELEMENTS--GENERAL INFORMATION
fixed length control field 060321s2007 nyu 001 0 eng
010 ## - LIBRARY OF CONGRESS CONTROL NUMBER
LC control number 2006009595
020 ## - INTERNATIONAL STANDARD BOOK NUMBER
International Standard Book Number 0071475877 (alk. paper)
020 ## - INTERNATIONAL STANDARD BOOK NUMBER
International Standard Book Number 9780071475877 (alk. paper)
035 ## - SYSTEM CONTROL NUMBER
System control number (OCoLC)ocm65197944
035 ## - SYSTEM CONTROL NUMBER
System control number (OCoLC)65197944
040 ## - CATALOGING SOURCE
Original cataloging agency DLC
Transcribing agency DLC
Modifying agency BAKER
-- C#P
-- BTCTA
-- YDXCP
-- DLC
041 ## - LANGUAGE CODE
Language code of text/sound track or separate title eng
042 ## - AUTHENTICATION CODE
Authentication code pcc
080 ## - UNIVERSAL DECIMAL CLASSIFICATION NUMBER
Universal Decimal Classification number 658.85 GSC
082 00 - DEWEY DECIMAL CLASSIFICATION NUMBER
Classification number 658.85 GSC
Edition number 22
100 1# - Rafti
Rafti 54
101 ## - Shkurtesa
Shkurtesa MEN
245 14 - TITLE STATEMENT
Title The pocket sales mentor :
Statement of responsibility, etc Gerhard Gschwandtner.
906 ## - LOCAL DATA ELEMENT F, LDF (RLIN)
a 7
b cbc
c orignew
d 1
e ecip
f 20
g y-gencatlg
942 ## - ADDED ENTRY ELEMENTS (KOHA)
Source of classification or shelving scheme
Item type Books
Holdings
Withdrawn status Lost status Source of classification or shelving scheme Damaged status Not for loan Collection code Permanent location Current location Shelving location Date acquired Total Checkouts Full call number Barcode Date last seen Price effective from Koha item type
          Koleksioni i përgjithshem UBT - Lipjan UBT - Lipjan Koleksioni i përgjithshem 03/08/2018   658.85 GSC 002-3000848 03/08/2018 03/08/2018 Books
          Koleksioni i përgjithshem UBT - Lipjan UBT - Lipjan Koleksioni i përgjithshem 03/08/2018   658.85 GSC 002-3000843 03/08/2018 03/08/2018 Books
          Koleksioni i përgjithshem UBT - Lipjan UBT - Lipjan Koleksioni i përgjithshem 03/08/2018   658.85 GSC 002-3000838 03/08/2018 03/08/2018 Books
UBT Library © 2015-2024. All rights reserved University Education for Business and Technology